[Event "Madrid ch superveteranos 2021"]
[Site "Madrid ESP"]
[Date "2021.03.08"]
[Round "1.1"]
[White "Gonzalez Rivera, Eduardo"]
[Black "Lopez Heras, Arturo"]
[Result "1-0"]
[WhiteElo "1999"]
[BlackElo "1750"]
[PlyCount "99"]
[EventDate "2021.03.08"]
[EventType "swiss"]
[EventRounds "9"]
[EventCountry "ESP"]
[SourceTitle "Ajedrez en Madrid"]
[Source "lmi"]
[SourceDate "2021.03.09"]
[SourceVersion "1"]
[SourceVersionDate "2021.03.17"]
[SourceQuality "1"]

1. e4 c5 2. Nf3 d6 3. d4 cxd4 4. Nxd4 Nf6 5. Nc3 a6 6. Bc4 e6 7. Bb3 Nc6 8. O-O
Be7 9. f4 O-O 10. Kh1 Nxd4 11. Qxd4 b5 12. f5 e5 13. Qd3 Bb7 14. Bg5 Rc8 15.
Bxf6 Bxf6 16. Bd5 Rxc3 17. bxc3 Bxd5 18. Qxd5 Qc7 19. Rf3 Rc8 20. a4 Qa5 21.
Qxd6 Rd8 22. Qb4 Qxa4 23. Qxa4 bxa4 24. Rd3 Rb8 25. g3 a3 26. Rxa3 Rb1+ 27. Kg2
Re1 28. Rxa6 h5 29. Kf3 Rf1+ 30. Ke2 Rh1 31. h4 Rh2+ 32. Kd1 Rh1+ 33. Kd2 Be7
34. Rd7 Bc5 35. Ra8+ Kh7 36. Rxf7 Rg1 37. f6 Rxg3 38. Rxg7+ Rxg7 39. fxg7 Kxg7
40. Ke2 Be7 41. Ra7 Kf8 42. Rxe7 Kxe7 43. c4 Kd6 44. Kd3 Kc6 45. Kc3 Kc5 46.
Kb3 Kc6 47. Kb4 Kb6 48. c5+ Kc7 49. Kc4 Kc6 50. c3 1-0

[Event "Madrid ch superveteranos 2021"]
[Site "Madrid ESP"]
[Date "2021.03.08"]
[Round "1.2"]
[White "Ureña Castellanos, Antonio"]
[Black "Cabañas Bravo, Juan Andres"]
[Result "0-1"]
[WhiteElo "1647"]
[BlackElo "1922"]
[PlyCount "78"]
[EventDate "2021.03.08"]
[EventType "swiss"]
[EventRounds "9"]
[EventCountry "ESP"]
[SourceTitle "Ajedrez en Madrid"]
[Source "lmi"]
[SourceDate "2021.03.09"]
[SourceVersion "1"]
[SourceVersionDate "2021.03.17"]
[SourceQuality "1"]

1. e4 e5 2. Nf3 Nc6 3. Bb5 Qf6 4. d3 Bc5 5. Bxc6 dxc6 6. g3 Ne7 7. Bg5 Qg6 8.
Qe2 f6 9. Be3 Bd6 10. g4 Qf7 11. c4 c5 12. Nc3 h5 13. gxh5 Rxh5 14. h4 Bd7 15.
O-O-O O-O-O 16. Rdg1 Rdh8 17. Rg2 g5 18. Rhg1 gxh4 19. Rg7 Qf8 20. Nh2 f5 21.
R7g5 R5h7 22. Nd5 f4 23. Nxe7+ Bxe7 24. Bxc5 Bxc5 25. Rxe5 Bd6 26. Ra5 Kb8 27.
e5 Bb4 28. Rd5 Bc6 29. Rd4 Bc5 30. Re4 Bxe4 31. Qxe4 Bxf2 32. Rg2 Be3+ 33. Kc2
h3 34. Re2 Qe8 35. d4 Qa4+ 36. Kc3 b5 37. b3 Qa5+ 38. Kd3 bxc4+ 39. Kxc4 Qa6+
0-1

[Event "Madrid ch superveteranos 2021"]
[Site "Madrid ESP"]
[Date "2021.03.08"]
[Round "1.3"]
[White "Martin Garcia, Luis I"]
[Black "Ghavami, Mahmoud"]
[Result "1-0"]
[WhiteElo "1860"]
[BlackElo "1525"]
[PlyCount "97"]
[EventDate "2021.03.08"]
[EventType "swiss"]
[EventRounds "9"]
[EventCountry "ESP"]
[SourceTitle "Ajedrez en Madrid"]
[Source "lmi"]
[SourceDate "2021.03.09"]
[SourceVersion "1"]
[SourceVersionDate "2021.03.17"]
[SourceQuality "1"]

1. e4 d5 2. exd5 Nf6 3. Bb5+ c6 4. dxc6 Nxc6 5. Nf3 Bg4 6. h3 Bd7 7. Nc3 a6 8.
Be2 e6 9. d3 Bd6 10. Bg5 h6 11. Be3 Ne7 12. Ne4 Nxe4 13. dxe4 Bc6 14. Bd3 e5
15. Qe2 O-O 16. O-O Qc7 17. Nh4 Bd7 18. Nf5 Ng6 19. Nxd6 Qxd6 20. Rfd1 Qc7 21.
Bc4 Bc6 22. Bd5 Rac8 23. Rac1 Ne7 24. c4 Kh8 25. b3 f5 26. exf5 Nxf5 27. Bxc6
Qxc6 28. Rd5 Qf6 29. Rcd1 Rce8 30. Rd7 Rf7 31. Qd3 Re6 32. Qe4 Nd6 33. Qh4 Nf5
34. Rd8+ Kh7 35. Qe4 Qg6 36. R8d7 Ree7 37. Rxe7 Nxe7 38. Qxg6+ Kxg6 39. Kf1 Kf5
40. Ke2 e4 41. Bd4 g5 42. g4+ Kf4 43. Bc5 Nc6 44. Bd6+ Ne5 45. b4 b5 46. c5 h5
47. c6 hxg4 48. hxg4 Kxg4 49. Bxe5 1-0

[Event "Madrid ch superveteranos 2021"]
[Site "Madrid ESP"]
[Date "2021.03.08"]
[Round "1.4"]
[White "Salgado Duarte, Pablo"]
[Black "Barahona Torrijos, Angel"]
[Result "1/2-1/2"]
[WhiteElo "1471"]
[BlackElo "1842"]
[PlyCount "127"]
[EventDate "2021.03.08"]
[EventType "swiss"]
[EventRounds "9"]
[EventCountry "ESP"]
[SourceTitle "Ajedrez en Madrid"]
[Source "lmi"]
[SourceDate "2021.03.09"]
[SourceVersion "1"]
[SourceVersionDate "2021.03.17"]
[SourceQuality "1"]

1. d4 Nf6 2. c4 e6 3. Nc3 d5 4. e3 Bb4 5. Bd2 c5 6. Nf3 cxd4 7. Nxd4 O-O 8.
cxd5 Bxc3 9. Bxc3 Nxd5 10. Qc2 Bd7 11. Bd3 Qh4 12. Nf3 Qh5 13. O-O Nc6 14. a3
Rac8 15. Qd2 Rfd8 16. Be2 Nxc3 17. Qxc3 e5 18. Qb3 e4 19. Nd2 Qxe2 20. Nxe4 Ne5
21. Nc3 Qg4 22. Kh1 Bc6 23. Rg1 Nf3 24. e4 Nxh2 25. Nd5 Bxd5 26. exd5 Rd6 27.
Rgc1 Rh6 28. Kg1 Nf3+ 29. Qxf3 Qd7 30. Rxc8+ Qxc8 31. Qe3 Qb8 32. g3 Rb6 33. b4
h5 34. Re1 Rd6 35. Qe5 g6 36. Rc1 Qd8 37. Rc8 Qxc8 38. Qxd6 Qc1+ 39. Kh2 Qxa3
40. Qb8+ Kg7 41. Qxb7 Qf3 42. Qxa7 Qxd5 43. Qa5 Qf3 44. Qc5 f5 45. Qd4+ Kf7 46.
b5 Ke6 47. b6 g5 48. Qc5 h4 49. Qc4+ Kd6 50. Qc7+ Ke6 51. Qc4+ Ke7 52. Qc5+ Ke6
53. gxh4 Qf4+ 54. Kg2 Qe4+ 55. Kg1 gxh4 56. Qe3 Qxe3 57. fxe3 Kd6 58. b7 Kc7
59. b8=Q+ Kxb8 60. Kh2 Kc7 61. Kh3 Kd6 62. Kxh4 Ke5 63. Kg3 Ke4 64. Kf2 1/2-1/2

[Event "Madrid ch superveteranos 2021"]
[Site "Madrid ESP"]
[Date "2021.03.08"]
[Round "1.5"]
[White "Pashov, Spas Nikolov"]
[Black "Infante Martin, Alonso"]
[Result "1-0"]
[WhiteElo "1819"]
[BlackElo "1389"]
[PlyCount "67"]
[EventDate "2021.03.08"]
[EventType "swiss"]
[EventRounds "9"]
[EventCountry "ESP"]
[SourceTitle "Ajedrez en Madrid"]
[Source "lmi"]
[SourceDate "2021.03.09"]
[SourceVersion "1"]
[SourceVersionDate "2021.03.17"]
[SourceQuality "1"]

1. e4 e5 2. Nf3 Nc6 3. c3 Nf6 4. d4 Be7 5. d5 Nb8 6. Nxe5 d6 7. Bb5+ Nbd7 8.
Nxd7 Bxd7 9. Bd3 c6 10. O-O cxd5 11. exd5 Nxd5 12. Be4 Nf6 13. Bxb7 Rb8 14. Bf3
O-O 15. b3 Be6 16. Bf4 Qd7 17. c4 Bg4 18. Nc3 h6 19. Re1 Bxf3 20. Qxf3 Rbd8 21.
Rad1 g5 22. Bxd6 g4 23. Bxe7 Qxe7 24. Rxe7 gxf3 25. Rxd8 Rxd8 26. gxf3 Rd3 27.
Re3 Rd7 28. Kf1 Kf8 29. Ke2 Nh5 30. Nd5 Ng7 31. Kd3 Ne6 32. Kc3 a5 33. a3 f5
34. Rxe6 1-0

[Event "Madrid ch superveteranos 2021"]
[Site "Madrid ESP"]
[Date "2021.03.08"]
[Round "1.6"]
[White "Perales Hernandez, Manuel"]
[Black "Fernandez Garcia, Ignacio"]
[Result "0-1"]
[WhiteElo "1331"]
[BlackElo "1804"]
[PlyCount "80"]
[EventDate "2021.03.08"]
[EventType "swiss"]
[EventRounds "9"]
[EventCountry "ESP"]
[SourceTitle "Ajedrez en Madrid"]
[Source "lmi"]
[SourceDate "2021.03.09"]
[SourceVersion "1"]
[SourceVersionDate "2021.03.17"]
[SourceQuality "1"]

1. e4 e6 2. d4 d5 3. exd5 exd5 4. Nf3 Bg4 5. Be2 Nf6 6. Bg5 Be7 7. h3 Bh5 8.
Nc3 O-O 9. g4 Bg6 10. Be3 c6 11. g5 Ne4 12. Nxe4 dxe4 13. Ne5 Bxg5 14. Qd2 Bxe3
15. Qxe3 Re8 16. Nxg6 hxg6 17. O-O-O Nd7 18. Bc4 Nf6 19. Qb3 Qe7 20. Rhe1 b5
21. Bf1 a5 22. Qe3 Nd5 23. Qg3 a4 24. Bg2 Nf6 25. Qh4 b4 26. Re3 b3 27. cxb3 a3
28. Rd2 axb2+ 29. Rxb2 c5 30. dxc5 Qxc5+ 31. Rc2 Qd4 32. Kb1 Rac8 33. Ree2 Rxc2
34. Rxc2 Nd5 35. Qg5 Nc3+ 36. Kb2 Nd1+ 37. Kb1 Nxf2 38. Qd2 Nd3 39. Qd1 Rd8 40.
Rc4 Qb2# 0-1

[Event "Madrid ch superveteranos 2021"]
[Site "Madrid ESP"]
[Date "2021.03.08"]
[Round "1.7"]
[White "Ortiz Landeira, Jose Antonio"]
[Black "Plaza Plaza, Prudencio"]
[Result "1-0"]
[WhiteElo "1759"]
[BlackElo "1270"]
[PlyCount "55"]
[EventDate "2021.03.08"]
[EventType "swiss"]
[EventRounds "9"]
[EventCountry "ESP"]
[SourceTitle "Ajedrez en Madrid"]
[Source "lmi"]
[SourceDate "2021.03.09"]
[SourceVersion "1"]
[SourceVersionDate "2021.03.17"]
[SourceQuality "1"]

1. c4 Nf6 2. Nc3 e6 3. g3 d5 4. cxd5 exd5 5. d4 c6 6. Bg2 Be7 7. Bg5 Be6 8. e3
Nbd7 9. Nge2 h6 10. Bxf6 Nxf6 11. a3 a5 12. O-O O-O 13. Qc2 Qd7 14. f3 Bh3 15.
Nf4 Bxg2 16. Kxg2 Bd6 17. Nd3 Rfe8 18. Rae1 Re6 19. Nd1 Rae8 20. Nc5 Bxc5 21.
Qxc5 Qc7 22. b4 b6 23. Qc3 axb4 24. axb4 b5 25. Rf2 Nd7 26. Rfe2 Nb6 27. e4
dxe4 28. fxe4 1-0

[Event "Madrid ch superveteranos 2021"]
[Site "Madrid ESP"]
[Date "2021.03.09"]
[Round "2.1"]
[White "Fernandez Garcia, Ignacio"]
[Black "Gonzalez Rivera, Eduardo"]
[Result "0-1"]
[WhiteElo "1804"]
[BlackElo "1999"]
[PlyCount "132"]
[EventDate "2021.03.08"]
[EventType "swiss"]
[EventRounds "9"]
[EventCountry "ESP"]
[SourceTitle "Ajedrez en Madrid"]
[Source "lmi"]
[SourceDate "2021.03.09"]
[SourceVersion "1"]
[SourceVersionDate "2021.03.17"]
[SourceQuality "1"]

1. e4 e5 2. Nf3 Nc6 3. Nc3 Nf6 4. d3 d5 5. Bd2 Bc5 6. h3 O-O 7. Bg5 dxe4 8.
Bxf6 Qxf6 9. Nxe4 Qe7 10. Nfg5 h6 11. Nf3 f5 12. Nxc5 Qxc5 13. Nd2 Be6 14. c3
Bd5 15. Nb3 Qb6 16. Qc2 a5 17. f3 e4 18. dxe4 fxe4 19. O-O-O a4 20. Nd4 Bxa2
21. Nxc6 bxc6 22. Rd4 exf3 23. gxf3 Bb3 24. Qe4 Rae8 25. Qh4 a3 26. bxa3 Rxf3
27. Bd3 Bd5 28. Re1 Ref8 29. Qe7 Qb3 30. Qb4 Rxh3 31. Qxb3 Bxb3 32. Bc4+ Bxc4
33. Rxc4 Rf6 34. a4 Rh2 35. Kb1 Rff2 36. Rxc6 Rb2+ 37. Kc1 Ra2 38. Kb1 Rxa4 39.
Rxc7 Rg2 40. c4 Rb4+ 41. Kc1 h5 42. Re5 Rg4 43. Rxh5 Rbxc4+ 44. Rxc4 Rxc4+ 45.
Kd2 Re4 46. Rh3 Kf7 47. Kd3 Re5 48. Rg3 Kf6 49. Kd4 Re7 50. Kd3 Kf5 51. Rg1 Kf4
52. Rg6 Kf3 53. Kd2 Kf4 54. Kd3 Kf5 55. Rg2 g5 56. Kd4 g4 57. Kd3 Kf4 58. Rf2+
Kg3 59. Rf5 Kg2 60. Rf4 g3 61. Rf8 Kg1 62. Rf6 g2 63. Rf8 Rh7 64. Ke2 Kh1 65.
Rf3 g1=Q 66. Rh3+ Rxh3 0-1

[Event "Madrid ch superveteranos 2021"]
[Site "Madrid ESP"]
[Date "2021.03.09"]
[Round "2.2"]
[White "Cabañas Bravo, Juan Andres"]
[Black "Pashov, Spas Nikolov"]
[Result "1-0"]
[WhiteElo "1922"]
[BlackElo "1819"]
[PlyCount "63"]
[EventDate "2021.03.08"]
[EventType "swiss"]
[EventRounds "9"]
[EventCountry "ESP"]
[SourceTitle "Ajedrez en Madrid"]
[Source "lmi"]
[SourceDate "2021.03.09"]
[SourceVersion "1"]
[SourceVersionDate "2021.03.17"]
[SourceQuality "1"]

1. e4 e5 2. c3 Nf6 3. d4 exd4 4. e5 Qe7 5. cxd4 d6 6. f4 c5 7. Be2 Nfd7 8. exd6
Qxd6 9. d5 Nf6 10. Bf3 Be7 11. Ne2 O-O 12. O-O Bg4 13. Nec3 Bxf3 14. Qxf3 Nbd7
15. Na3 a6 16. Nc4 Qb8 17. a4 b5 18. axb5 axb5 19. Rxa8 Qxa8 20. Ne3 b4 21. Nf5
Bd8 22. Qg3 g6 23. Ne2 Qxd5 24. Nh6+ Kg7 25. f5 Ne4 26. Qf3 Ne5 27. Qh3 f6 28.
fxg6 hxg6 29. Nf4 Qd4+ 30. Be3 Ng5 31. Ne6+ Kh8 32. Nxg5 1-0

[Event "Madrid ch superveteranos 2021"]
[Site "Madrid ESP"]
[Date "2021.03.09"]
[Round "2.4"]
[White "Barahona Torrijos, Angel"]
[Black "Ortiz Landeira, Jose Antonio"]
[Result "0-1"]
[WhiteElo "1842"]
[BlackElo "1759"]
[PlyCount "118"]
[EventDate "2021.03.08"]
[EventType "swiss"]
[EventRounds "9"]
[EventCountry "ESP"]
[SourceTitle "Ajedrez en Madrid"]
[Source "lmi"]
[SourceDate "2021.03.09"]
[SourceVersion "1"]
[SourceVersionDate "2021.03.17"]
[SourceQuality "1"]

1. d4 d5 2. Nf3 e6 3. c4 Bb4+ 4. Nbd2 dxc4 5. a3 Bxd2+ 6. Bxd2 b5 7. e4 Bb7 8.
Qc2 a6 9. O-O-O Ne7 10. Bc3 O-O 11. h4 Nd7 12. Ng5 h6 13. Nh3 f5 14. f3 Nf6 15.
Nf4 Qc8 16. Bb4 Re8 17. b3 fxe4 18. Bxe7 Rxe7 19. bxc4 bxc4 20. Bxc4 Bd5 21.
fxe4 Bxe4 22. Qa2 Bd5 23. Rhe1 c6 24. Ng6 Re8 25. Ne5 Qb7 26. Rd2 Rab8 27. Ree2
Bxc4 28. Nxc4 Qb3 29. Nd6 Qxa2 30. Rxa2 Re7 31. Rac2 Rb3 32. Rxc6 Rxa3 33. Kb2
Rd3 34. Rxa6 Rxd4 35. Nf5 Rb7+ 36. Kc3 Rd5 37. Nd4 Rc7+ 38. Nc6 Rd6 39. Kb4
Rdxc6 40. Rxe6 Rxa6 41. Rxa6 Rc2 42. g3 Rg2 43. Ra8+ Kh7 44. Ra3 Ne4 45. Re3
Nxg3 46. Rf3 Nh5 47. Rh3 Rg4+ 48. Kc3 Nf6 49. Kd3 Kg6 50. Ke3 Kh5 51. Kf2 Rxh4
52. Rf3 Rg4 53. Rh3+ Kg5 54. Kf3 h5 55. Rh1 h4 56. Ra1 h3 57. Ra5+ Kh4 58. Ra8
h2 59. Rh8+ Nh5 0-1

[Event "Madrid ch superveteranos 2021"]
[Site "Madrid ESP"]
[Date "2021.03.09"]
[Round "2.5"]
[White "Lopez Heras, Arturo"]
[Black "Salgado Duarte, Pablo"]
[Result "1-0"]
[WhiteElo "1750"]
[BlackElo "1471"]
[PlyCount "55"]
[EventDate "2021.03.08"]
[EventType "swiss"]
[EventRounds "9"]
[EventCountry "ESP"]
[SourceTitle "Ajedrez en Madrid"]
[Source "lmi"]
[SourceDate "2021.03.09"]
[SourceVersion "1"]
[SourceVersionDate "2021.03.17"]
[SourceQuality "1"]

1. d4 d5 2. Nf3 Nf6 3. c4 Nc6 4. Nc3 h6 5. cxd5 Nxd5 6. e4 Nxc3 7. bxc3 Bg4 8.
Be2 e6 9. O-O Be7 10. Rb1 Rb8 11. h3 Bh5 12. Rb5 Bxf3 13. Bxf3 a6 14. Rb1 Bg5
15. Ba3 Be7 16. Bb2 O-O 17. e5 Qd7 18. Be4 Na5 19. Bc1 f5 20. exf6 Bxf6 21. Qg4
g5 22. h4 Qe7 23. hxg5 hxg5 24. f4 Rf7 25. fxg5 Rg7 26. gxf6 Rxg4 27. fxe7 Rxe4
28. Ba3 1-0

[Event "Madrid ch superveteranos 2021"]
[Site "Madrid ESP"]
[Date "2021.03.09"]
[Round "2.6"]
[White "Plaza Plaza, Prudencio"]
[Black "Ureña Castellanos, Antonio"]
[Result "0-1"]
[WhiteElo "1270"]
[BlackElo "1647"]
[PlyCount "94"]
[EventDate "2021.03.08"]
[EventType "swiss"]
[EventRounds "9"]
[EventCountry "ESP"]
[SourceTitle "Ajedrez en Madrid"]
[Source "lmi"]
[SourceDate "2021.03.09"]
[SourceVersion "1"]
[SourceVersionDate "2021.03.17"]
[SourceQuality "1"]

1. d4 Nf6 2. Bf4 d5 3. e3 e6 4. h3 a6 5. Bd3 c5 6. c3 c4 7. Bc2 Nc6 8. Nf3 h6
9. Nbd2 b5 10. a3 Be7 11. O-O Bd7 12. Qe2 a5 13. e4 dxe4 14. Nxe4 Nd5 15. Bh2
O-O 16. b3 Nb6 17. bxc4 Nxc4 18. Bb3 Nxa3 19. Bd6 Bxd6 20. Nxd6 b4 21. Ne5 Nxe5
22. dxe5 Rb8 23. Rfc1 Nb5 24. Nxb5 Bxb5 25. c4 Bc6 26. Qe3 Qc7 27. Qc5 Qb7 28.
Rxa5 Bxg2 29. Rb5 Qf3 30. Bd1 Qxh3 31. f4 Qg3 32. Qf2 Qxf2+ 33. Kxf2 Rxb5 34.
cxb5 Bd5 35. Rb1 b3 36. Bxb3 Bxb3 37. Rxb3 Rb8 38. b6 Rb7 39. Ke3 Kf8 40. Kd4
Ke7 41. Kc5 Kd7 42. Rd3+ Kc8 43. Kc6 h5 44. Ra3 Kb8 45. Rh3 g6 46. Rg3 Re7 47.
Kd6 Re8 0-1

[Event "Madrid ch superveteranos 2021"]
[Site "Madrid ESP"]
[Date "2021.03.09"]
[Round "2.7"]
[White "Ghavami, Mahmoud"]
[Black "Perales Hernandez, Manuel"]
[Result "1-0"]
[WhiteElo "1525"]
[BlackElo "1331"]
[PlyCount "133"]
[EventDate "2021.03.08"]
[EventType "swiss"]
[EventRounds "9"]
[EventCountry "ESP"]
[SourceTitle "Ajedrez en Madrid"]
[Source "lmi"]
[SourceDate "2021.03.09"]
[SourceVersion "1"]
[SourceVersionDate "2021.03.17"]
[SourceQuality "1"]

1. d4 e6 2. Nf3 Nc6 3. e3 d5 4. Ne5 Nxe5 5. dxe5 Bc5 6. Bd3 Qg5 7. O-O Qxe5 8.
Qg4 Nh6 9. Qf3 Bd7 10. Nc3 Bc6 11. e4 d4 12. Ne2 Qf6 13. Qxf6 gxf6 14. Bxh6 Rg8
15. Bf4 O-O-O 16. a4 e5 17. Bd2 Bd7 18. f4 Bh3 19. Ng3 Be6 20. f5 Bd7 21. b4
Be7 22. Rfb1 Rh8 23. b5 Bc5 24. a5 Rdg8 25. Bh6 Kd8 26. Nh5 Ke7 27. Bg7 Rxg7
28. Nxg7 h5 29. Nxh5 Rxh5 30. Rf1 Bb4 31. b6 cxb6 32. axb6 a6 33. Rab1 a5 34.
Rf3 Kd6 35. Rg3 Rg5 36. Rh3 Rg8 37. Bc4 Rf8 38. Rh7 Be8 39. Rh6 Kc5 40. Bd5
Kxb6 41. Rxf6+ Kc7 42. Kf2 Bc6 43. Bxc6 bxc6 44. Ke2 c5 45. Kd3 Kd7 46. Kc4 Ke7
47. Rh6 Rg8 48. g3 f6 49. Rh7+ Kf8 50. Ra7 Rg4 51. Kd5 c4 52. Rg1 d3 53. cxd3
cxd3 54. h3 Rg8 55. Ke6 Bc5 56. Ra8+ Kg7 57. Rxg8+ Kxg8 58. Rd1 Kg7 59. Rxd3 a4
60. Rd7+ Kg8 61. Kxf6 a3 62. Rd8+ Bf8 63. Ra8 a2 64. Rxa2 Bg7+ 65. Kg6 Bf8 66.
Ra8 Kh8 67. Rxf8# 1-0

[Event "Madrid ch superveteranos 2021"]
[Site "Madrid ESP"]
[Date "2021.03.10"]
[Round "3.1"]
[White "Gonzalez Rivera, Eduardo"]
[Black "Martin Garcia, Luis I"]
[Result "1-0"]
[WhiteElo "1999"]
[BlackElo "1860"]
[PlyCount "77"]
[EventDate "2021.03.08"]
[EventType "swiss"]
[EventRounds "9"]
[EventCountry "ESP"]
[SourceTitle "Ajedrez en Madrid"]
[Source "lmi"]
[SourceDate "2021.03.09"]
[SourceVersion "1"]
[SourceVersionDate "2021.03.17"]
[SourceQuality "1"]

1. e4 e6 2. d4 d5 3. Nd2 c5 4. exd5 Qxd5 5. Ngf3 cxd4 6. Bc4 Qd6 7. O-O Nf6 8.
Nb3 Nc6 9. Nbxd4 Nxd4 10. Nxd4 a6 11. Be3 Qc7 12. Qe2 Bd6 13. h3 O-O 14. Bg5
Nd5 15. Bxd5 exd5 16. Qf3 Be5 17. Qxd5 Bxd4 18. Qxd4 Qxc2 19. Be7 Re8 20. Rac1
Qg6 21. Rc3 f5 22. Rg3 Qf7 23. Bf6 g6 24. b3 Bd7 25. h4 Re4 26. Qb2 Rae8 27.
Bc3 Rxh4 28. Qd2 f4 29. Qd4 Kf8 30. Rd3 Bf5 31. Rdd1 Rg4 32. Rfe1 Be6 33. f3
Rg3 34. Qd6+ Kg8 35. Qe5 Kf8 36. Rd6 Rxg2+ 37. Kxg2 Bh3+ 38. Kh2 Rxe5 39. Rxe5
1-0

[Event "Madrid ch superveteranos 2021"]
[Site "Madrid ESP"]
[Date "2021.03.10"]
[Round "3.2"]
[White "Ortiz Landeira, Jose Antonio"]
[Black "Cabañas Bravo, Juan Andres"]
[Result "0-1"]
[WhiteElo "1759"]
[BlackElo "1922"]
[PlyCount "84"]
[EventDate "2021.03.08"]
[EventType "swiss"]
[EventRounds "9"]
[EventCountry "ESP"]
[SourceTitle "Ajedrez en Madrid"]
[Source "lmi"]
[SourceDate "2021.03.09"]
[SourceVersion "1"]
[SourceVersionDate "2021.03.17"]
[SourceQuality "1"]

1. c4 d5 2. cxd5 c6 3. dxc6 Nxc6 4. g3 e5 5. Bg2 Nf6 6. d3 Bc5 7. e3 Bf5 8. a3
Bxd3 9. Nc3 e4 10. Nge2 Qe7 11. O-O O-O 12. b4 Bb6 13. Re1 Rad8 14. Qb3 Ne5 15.
Nf4 Bc4 16. Qc2 Nf3+ 17. Bxf3 exf3 18. Na4 Rc8 19. Nxb6 axb6 20. Qd1 g5 21.
Qxf3 Qe5 22. Bd2 gxf4 23. exf4 Qd5 24. Qxd5 Nxd5 25. Rec1 b5 26. a4 bxa4 27.
Rxa4 b5 28. Raa1 Rfe8 29. Re1 Re2 30. Rxe2 Bxe2 31. Rb1 Rc4 32. Kg2 Rc2 33. Bc1
Bd3 34. Ba3 Rxf2+ 35. Kxf2 Bxb1 36. Ke2 h5 37. Kd2 Kh7 38. Kc1 Be4 39. Kb2 Kg6
40. Kb3 Kf5 41. h3 Bg2 42. h4 Kg4 0-1

[Event "Madrid ch superveteranos 2021"]
[Site "Madrid ESP"]
[Date "2021.03.10"]
[Round "3.3"]
[White "Pashov, Spas Nikolov"]
[Black "Ghavami, Mahmoud"]
[Result "1-0"]
[WhiteElo "1819"]
[BlackElo "1525"]
[PlyCount "61"]
[EventDate "2021.03.08"]
[EventType "swiss"]
[EventRounds "9"]
[EventCountry "ESP"]
[SourceTitle "Ajedrez en Madrid"]
[Source "lmi"]
[SourceDate "2021.03.09"]
[SourceVersion "1"]
[SourceVersionDate "2021.03.17"]
[SourceQuality "1"]

1. e4 d5 2. exd5 Nf6 3. d4 Bg4 4. Nf3 Nxd5 5. Be2 e6 6. O-O Be7 7. c4 Nb6 8.
Be3 O-O 9. Nc3 c6 10. Qb3 Qc7 11. Rac1 a5 12. a4 N8d7 13. h3 Bf5 14. Rfd1 Bb4
15. Bd3 Bxd3 16. Rxd3 e5 17. Nxe5 Nxe5 18. dxe5 Rad8 19. Rcd1 Rxd3 20. Rxd3 Nd7
21. f4 Bc5 22. Ne4 Bxe3+ 23. Rxe3 b6 24. Rd3 Kh8 25. Qd1 Rd8 26. b3 Kg8 27. Rd6
Kf8 28. Qh5 h6 29. Qf5 Nb8 30. Qh7 Rxd6 31. exd6 1-0

[Event "Madrid ch superveteranos 2021"]
[Site "Madrid ESP"]
[Date "2021.03.10"]
[Round "3.4"]
[White "Ureña Castellanos, Antonio"]
[Black "Fernandez Garcia, Ignacio"]
[Result "0-1"]
[WhiteElo "1647"]
[BlackElo "1804"]
[PlyCount "76"]
[EventDate "2021.03.08"]
[EventType "swiss"]
[EventRounds "9"]
[EventCountry "ESP"]
[SourceTitle "Ajedrez en Madrid"]
[Source "lmi"]
[SourceDate "2021.03.09"]
[SourceVersion "1"]
[SourceVersionDate "2021.03.17"]
[SourceQuality "1"]

1. e4 d6 2. d4 Nf6 3. Nc3 g6 4. f4 Bg7 5. Nf3 c6 6. Be2 b5 7. a3 a5 8. O-O O-O
9. Be3 Nbd7 10. e5 Ng4 11. Bd2 dxe5 12. fxe5 Qb6 13. Kh1 Bb7 14. h3 Nh6 15. Qc1
Nf5 16. Kh2 Nxd4 17. Nxd4 Qxd4 18. e6 fxe6 19. Be3 Be5+ 20. Kg1 Qd6 21. Ne4 Qc7
22. Ng5 Rxf1+ 23. Qxf1 Rf8 24. Qe1 Rf6 25. Qh4 Nf8 26. Bg4 c5 27. Rf1 Bd5 28.
Be2 Qb7 29. Bxc5 Bxb2 30. Rb1 Qc7 31. Bxe7 Qxe7 32. Rxb2 Qxa3 33. Qd4 Rf5 34.
Nf3 b4 35. Bd3 Rf7 36. Ne5 Rc7 37. Rb1 Qc3 38. Qg4 Qxe5 0-1

[Event "Madrid ch superveteranos 2021"]
[Site "Madrid ESP"]
[Date "2021.03.10"]
[Round "3.5"]
[White "Lopez Heras, Arturo"]
[Black "Perez Ramos, Miguel Angel"]
[Result "1-0"]
[WhiteElo "1750"]
[BlackElo "1153"]
[PlyCount "85"]
[EventDate "2021.03.08"]
[EventType "swiss"]
[EventRounds "9"]
[EventCountry "ESP"]
[SourceTitle "Ajedrez en Madrid"]
[Source "lmi"]
[SourceDate "2021.03.09"]
[SourceVersion "1"]
[SourceVersionDate "2021.03.17"]
[SourceQuality "1"]

1. e4 c6 2. d4 d5 3. Nc3 e6 4. Nf3 c5 5. exd5 exd5 6. dxc5 Bxc5 7. Qxd5 Qxd5 8.
Nxd5 Bd6 9. Bc4 f6 10. O-O Ne7 11. Re1 Nbc6 12. Bd2 Bf5 13. c3 O-O-O 14. Nxe7+
Nxe7 15. Nd4 Rhe8 16. Rad1 Bg4 17. f3 Bf5 18. Nxf5 Nxf5 19. Be6+ Rxe6 20. Rxe6
Kc7 21. Rde1 h6 22. Bc1 Rd7 23. b4 b6 24. g3 Ne7 25. Kg2 Kc8 26. Rxd6 Rxd6 27.
Rxe7 Rd1 28. Be3 Rd3 29. Bd4 Rd2+ 30. Kh3 Rxa2 31. Rxg7 Re2 32. Rf7 Re8 33.
Rxf6 h5 34. Kh4 Re1 35. Kxh5 Rf1 36. h4 Kd8 37. Kg4 Ke7 38. h5 a5 39. bxa5 bxa5
40. Ra6 Re1 41. Rxa5 Re6 42. Ra7+ Ke8 43. f4 1-0

[Event "Madrid ch superveteranos 2021"]
[Site "Madrid ESP"]
[Date "2021.03.10"]
[Round "3.6"]
[White "Salgado Duarte, Pablo"]
[Black "Infante Martin, Alonso"]
[Result "0-1"]
[WhiteElo "1471"]
[BlackElo "1389"]
[PlyCount "170"]
[EventDate "2021.03.08"]
[EventType "swiss"]
[EventRounds "9"]
[EventCountry "ESP"]
[SourceTitle "Ajedrez en Madrid"]
[Source "lmi"]
[SourceDate "2021.03.09"]
[SourceVersion "1"]
[SourceVersionDate "2021.03.17"]
[SourceQuality "1"]

1. d4 Nf6 2. c4 d6 3. Nc3 c6 4. Nf3 Nbd7 5. e4 e6 6. Bd3 Be7 7. h3 e5 8. b3 h6
9. Be3 Nf8 10. dxe5 dxe5 11. Nxe5 Bb4 12. Qc2 Qa5 13. Bd2 Qxe5 14. a3 Ba5 15.
b4 Bc7 16. f4 Qd4 17. O-O-O Be6 18. c5 Bc4 19. Be1 O-O-O 20. Bf2 Bxf4+ 21. Kb1
Be3 22. Ne2 Bxd3 23. Nxd4 Bxc2+ 24. Nxc2 Bxf2 25. Rdf1 Bg3 26. Ne3 Be5 27. Nf5
Nxe4 28. Re1 Nc3+ 29. Kc2 Ng6 30. Rxe5 Nxe5 31. Kxc3 Rd3+ 32. Kc2 g6 33. Nd6+
Kc7 34. Nxf7 Rf8 35. Nxe5 Rxa3 36. Kb2 Rg3 37. Rd1 Rf2+ 38. Kc1 Rc3+ 39. Kb1
Rb3+ 40. Kc1 Rxg2 41. Rd7+ Kc8 42. Rg7 Rxh3 43. Rg8+ Kc7 44. Rg7+ Kd8 45. Rd7+
Ke8 46. Rd1 Rc3+ 47. Kb1 Rb3+ 48. Kc1 Rxb4 49. Re1 Ra4 50. Nd3+ Re4 51. Rxe4+
Kf7 52. Nf4 Rg4 53. Rd4 h5 54. Kd2 h4 55. Ke3 h3 56. Rd2 g5 57. Nd3 Rg3+ 58.
Ke4 Kf6 59. Rf2+ Ke6 60. Rh2 Kf6 61. Ne1 g4 62. Kf4 Rg1 63. Nc2 Rg2 64. Rh1
Rxc2 65. Kxg4 Rxc5 66. Rxh3 Ke6 67. Rh6+ Kd7 68. Kf4 Kc7 69. Ke3 a5 70. Kd4 Kb6
71. Rh1 a4 72. Rb1+ Rb5 73. Ra1 Ka5 74. Kc4 b6 75. Kc3 c5 76. Kc4 Rb4+ 77. Kc3
b5 78. Rh1 Rb3+ 79. Kc2 Kb4 80. Ra1 c4 81. Rh1 a3 82. Ra1 Rb2+ 83. Kc1 c3 84.
Kd1 a2 85. Kc1 Rg2 0-1